000 00284nam a22001337a 4500
008 170609b xxu||||| |||| 00| 0 eng d
020 _a9780737721362
041 _aeng
080 _a94
100 _a18
101 _aSHH
245 _aCOMMUNIST LEADERS
_cHUNTER,J
942 _2udc
_cBK
999 _c16798
_d16798